00333nam a2200109Ia 4500008004000000020001800040082001600058100002200074245006800096260004800164300001100212210210b1991 xxu||||| |||| 00| 0 eng d a81 7169 141 2 a303.62 KUMC aKUMAR (Akhilesh). aCommunal riots in India.: study of social and economic aspects. aNew Delhi.bCommonwealth Publishers.,c1991 aix,163